| 000 | 00788nam a22002417a 4500 | ||
|---|---|---|---|
| 003 | UA-OsUOA | ||
| 001 | 27556 | ||
| 007 | ta | ||
| 008 | 20040906b un ||||| |||| 00| 0 ukr d | ||
| 090 |
_a7.036 _bР89 |
||
| 942 | _cBK | ||
| 040 |
_aUA-OsUOA _brus _cUA-OsUOA _dUA-OsUOA |
||
| 245 |
_aРусская художественная культура конца ХІХ- начала ХХ века (1895-1907) _cРед. А.Д.Алексеев Ю.С.Калашников В.С.Кружков А.А.Сидоров Г.Ю.Стернин |
||
| 300 |
_a444 с. _bІлюстрації |
||
| 955 | _a0 | ||
| 041 | _arus | ||
| 080 | _a7.036 | ||
| 260 |
_aНаука _bМосква _c1968 |
||
| 246 | 3 | 1 |
_aКн.1 Зрелищные искус _n |
| 044 | _aRU | ||
| 650 | 7 | _2UDC | |
| 999 |
_c313903 _d313903 |
||